Stav malého a stredného podnikania 1993
Gespeichert in:
| Format: | Buch |
|---|---|
| Sprache: | Slowakisch |
| Veröffentlicht: |
Bratislava
Národná agentúra pre rozvoj malého a stredného podnikania
1994
|
| Ausgabe: | 1. vyd. |
| Schlagworte: | |
| Tags: |
Keine Tags, Fügen Sie das erste Tag hinzu!
|
MARC
| LEADER | 00000nam a2200000 4500 | ||
|---|---|---|---|
| 001 | c009431 | ||
| 005 | 20221128073951.3 | ||
| 041 | 0 | |a slo | |
| 044 | |a SK | ||
| 245 | 1 | 0 | |a Stav malého a stredného podnikania 1993 |
| 250 | |a 1. vyd. | ||
| 264 | 1 | |a Bratislava |b Národná agentúra pre rozvoj malého a stredného podnikania |c 1994 | |
| 300 | |a 91 s. | ||
| 610 | 2 | 0 | |a podnikanie |
| 610 | 2 | 0 | |a podnik malý |
| 610 | 2 | 0 | |a podnik stredný |
| 610 | 2 | 0 | |a podpora podnikania |
| 610 | 2 | 0 | |a 1993 |